[Event "23rd Dubai Open 2023"]
[Site "Dubai UAE"]
[Date "2023.05.27"]
[Round "1.26"]
[White "Farahat, Ali"]
[Black "Romanov, Evgeny"]
[Result "0-1"]
[WhiteTitle "IM"]
[BlackTitle "GM"]
[WhiteElo "2361"]
[BlackElo "2578"]
[WhiteFideId "10600507"]
[BlackFideId "4148843"]
[EventDate "2023.05.27"]

1. d4 Nf6 2. Nf3 e6 3. e3 b6 4. Bd3 Bb7 5. O-O d5 6. c4 Nbd7 7. Nc3 Bd6 8. cxd5
exd5 9. b3 O-O 10. Bb2 a6 11. Rc1 Re8 12. Re1 Ne4 13. Ne2 Re6 14. Ng3 Nxg3 15.
hxg3 Nf6 16. Bf5 Re8 17. Ne5 g6 18. Bd3 Nd7 19. Qc2 Bxe5 20. dxe5 c5 21. Rcd1
Nxe5 22. Bc4 Qd7 23. Bxd5 Bxd5 24. e4 Bxb3 25. axb3 Qe6 26. Qc3 f6 27. f4 Ng4
28. b4 cxb4 29. Qxb4 Rad8 30. Bd4 b5 31. Rd2 Rd7 32. Bc5 Red8 33. Rxd7 Rxd7 34.
f5 gxf5 35. exf5 Qxf5 36. Qb3+ Kg7 37. Bb6 a5 38. Qc3 b4 39. Qc8 b3 40. Bc5 b2
41. Qf8+ Kg6 42. Qg8+ Kh6 0-1

[Event "23rd Dubai Open 2023"]
[Site "Dubai UAE"]
[Date "2023.05.27"]
[Round "1.27"]
[White "Iskandarov, Misratdin"]
[Black "Mkrtchyan, Mariam"]
[Result "1-0"]
[WhiteTitle "GM"]
[BlackTitle "WIM"]
[WhiteElo "2577"]
[BlackElo "2360"]
[WhiteFideId "13400312"]
[BlackFideId "13310828"]
[EventDate "2023.05.27"]

1. e4 e5 2. Nf3 Nc6 3. Bc4 Bc5 4. c3 Nf6 5. d3 d6 6. O-O a5 7. Re1 O-O 8. Bg5 h6
9. Bh4 g5 10. Bg3 g4 11. Bh4 gxf3 12. Qxf3 Kg7 13. Nd2 Nb8 14. Nf1 Be6 15. Ng3
Nbd7 16. Nh5+ Kg6 17. h3 b5 18. Bb3 Rg8 19. d4 Bb6 20. d5 Qe7 21. a4 Raf8 22.
Bd1 Qe8 23. Bxf6 Kh7 24. Bh4 Rg6 25. dxe6 fxe6 26. Qe2 Qf7 27. Kh1 Rfg8 28. g4 1-0

[Event "23rd Dubai Open 2023"]
[Site "Dubai UAE"]
[Date "2023.05.27"]
[Round "1.28"]
[White "Movahed, Sina"]
[Black "Mchedlishvili, Mikheil"]
[Result "0-1"]
[WhiteTitle "FM"]
[BlackTitle "GM"]
[WhiteElo "2359"]
[BlackElo "2553"]
[WhiteFideId "42520835"]
[BlackFideId "13600966"]
[EventDate "2023.05.27"]

1. e4 c5 2. Nf3 e6 3. d4 cxd4 4. Nxd4 Nc6 5. Nc3 Qc7 6. Be3 a6 7. g4 Nxd4 8.
Qxd4 b5 9. O-O-O Bb7 10. Kb1 Rc8 11. Bf4 Qc6 12. Bg2 Ne7 13. Rhe1 Ng6 14. Bg3 h5
15. h3 e5 16. Qd2 hxg4 17. hxg4 Bb4 18. Re3 Qe6 19. Rd3 Bxc3 20. bxc3 Bc6 21.
Bf3 Kf8 22. Rd6 Qe7 23. g5 Kg8 24. Qe3 a5 25. Bg4 Rh1 26. Rxh1 Qxd6 27. Bf5 b4
28. c4 Ba4 29. Qe2 Qd4 30. Rd1 Qxc4 31. Qxc4 Rxc4 32. Rd2 Bc6 33. f3 Rc3 34. Rd3
Nf4 35. Rxc3 bxc3 36. Be1 Ne2 37. Bh3 a4 38. Bf1 Nd4 39. Bg2 Nb5 40. Bf1 f6 41.
g6 Nd4 42. Bg2 Ne2 43. Bh3 Kf8 44. Bf2 Ke7 45. Be3 d6 46. a3 Be8 0-1

[Event "23rd Dubai Open 2023"]
[Site "Dubai UAE"]
[Date "2023.05.27"]
[Round "1.29"]
[White "Mishra, Abhimanyu"]
[Black "Tissir, Mohamed"]
[Result "1-0"]
[WhiteTitle "GM"]
[BlackTitle "IM"]
[WhiteElo "2550"]
[BlackElo "2354"]
[WhiteFideId "30920019"]
[BlackFideId "9000240"]
[EventDate "2023.05.27"]

1. d4 Nf6 2. c4 g6 3. g3 Bg7 4. Bg2 O-O 5. Nc3 d6 6. Nf3 c5 7. O-O Nc6 8. d5 Na5
9. Nd2 e5 10. b3 Ng4 11. h3 Nh6 12. e4 f5 13. exf5 gxf5 14. Bb2 f4 15. Nce4 b6
16. a3 Qe7 17. g4 Bd7 18. b4 Nb7 19. Re1 Nf7 20. Rb1 h5 21. f3 Nh8 22. Qc2 Be8
23. Bf1 Ng6 24. Bd3 Nh4 25. Bc3 Rc8 26. Qd1 Rf7 27. Qe2 Bh8 28. Nb3 Rg7 29. bxc5
bxc5 30. Kf1 Bd7 31. Nf2 Rf8 32. Nd2 Nd8 33. Nde4 Nf7 34. Rb7 Nh6 35. Reb1 N6f5
36. gxf5 Nxf5 37. Ke1 Ng3 38. Qc2 Qh4 39. Nxd6 Nh1 40. Bf1 Rg1 41. Rxd7 e4 42.
Nxe4 Bxc3+ 1-0

[Event "23rd Dubai Open 2023"]
[Site "Dubai UAE"]
[Date "2023.05.27"]
[Round "1.30"]
[White "Ahmad, Al Khatib"]
[Black "Kacharava, Nikolozi"]
[Result "0-1"]
[WhiteTitle "GM"]
[BlackTitle "IM"]
[WhiteElo "2344"]
[BlackElo "2550"]
[WhiteFideId "8103178"]
[BlackFideId "13611860"]
[EventDate "2023.05.27"]

1. d4 d5 2. c4 e6 3. Nf3 Nf6 4. Nc3 c6 5. e3 Nbd7 6. Be2 Bd6 7. O-O O-O 8. b3 b6
9. Bb2 Bb7 10. Bd3 c5 11. cxd5 exd5 12. dxc5 bxc5 13. Ne2 Re8 14. Ng3 Rc8 15.
Rc1 Bf8 16. Rc2 Qb6 17. Qa1 a5 18. Bf5 Rcd8 19. Rd1 g6 20. Bh3 h5 21. Qc1 Ng4
22. Qd2 Ndf6 23. Bxg4 hxg4 24. Ne1 d4 25. exd4 cxd4 26. Nd3 Qb5 27. Rc4 Ne4 28.
Nxe4 Rxe4 29. Ra4 Qc6 30. Qg5 Rd5 31. Qc1 Rc5 32. Rc4 Re2 33. Nf4 Rxc4 34. bxc4
Bh6 35. f3 Rxg2+ 36. Nxg2 Bxc1 37. Bxc1 Qxf3 38. Rd2 Qc3 0-1

[Event "23rd Dubai Open 2023"]
[Site "Dubai UAE"]
[Date "2023.05.27"]
[Round "1.31"]
[White "Sviridov, Valery"]
[Black "Liyanage, Ranindu Dilshan"]
[Result "1-0"]
[BlackTitle "FM"]
[WhiteElo "2545"]
[BlackElo "2342"]
[WhiteFideId "4120680"]
[BlackFideId "9915834"]
[EventDate "2023.05.27"]

1. d4 d5 2. c4 e6 3. Nf3 Nf6 4. g3 dxc4 5. Bg2 Bb4+ 6. Bd2 a5 7. Qc2 c5 8. dxc5
Bxc5 9. Na3 Bxa3 10. bxa3 Bd7 11. Ne5 Nc6 12. Nxd7 Qxd7 13. Qxc4 O-O 14. Bc3
Rac8 15. O-O Rfd8 16. Rfc1 Nd5 17. Bb2 Nce7 18. Qg4 Nf5 19. e4 Qb5 20. Rcb1 Rc2
21. Bxg7 Nde3 22. Qg5 Rcd2 23. Bd4+ 1-0

[Event "23rd Dubai Open 2023"]
[Site "Dubai UAE"]
[Date "2023.05.27"]
[Round "1.32"]
[White "Xue, Haowen"]
[Black "Gavrilescu, David"]
[Result "1-0"]
[BlackTitle "GM"]
[WhiteElo "2335"]
[BlackElo "2535"]
[WhiteFideId "8625492"]
[BlackFideId "1227190"]
[EventDate "2023.05.27"]

1. d4 Nf6 2. c4 e6 3. Nf3 d5 4. Nc3 Nbd7 5. a3 dxc4 6. e4 c5 7. Bxc4 cxd4 8.
Qxd4 Bc5 9. Qd1 O-O 10. O-O Qc7 11. Qe2 a6 12. e5 Ng4 13. Bf4 b5 14. Bd3 f5 15.
h3 Nh6 16. Rac1 Qb8 17. Ng5 Re8 18. Nce4 fxe4 19. Qxe4 Nf5 20. Nxe6 Rxe6 21.
Qxf5 Nf8 22. Rxc5 Rc6 23. e6 Bxe6 24. Bxb8 Bxf5 25. Rxc6 Bxd3 26. Rd1 Be4 27.
Rc8 1-0

[Event "23rd Dubai Open 2023"]
[Site "Dubai UAE"]
[Date "2023.05.27"]
[Round "1.34"]
[White "Saeed, Ishaq"]
[Black "Karthik, Venkataraman"]
[Result "0-1"]
[WhiteTitle "IM"]
[BlackTitle "GM"]
[WhiteElo "2303"]
[BlackElo "2528"]
[WhiteFideId "9301453"]
[BlackFideId "25006479"]
[EventDate "2023.05.27"]

1. d4 Nf6 2. c4 e6 3. Nf3 a6 4. Nc3 d5 5. e3 dxc4 6. Bxc4 b5 7. Bd3 Bb7 8. O-O
Nbd7 9. a3 c5 10. Re1 Bd6 11. Bc2 Qb8 12. h3 cxd4 13. exd4 O-O 14. Qd3 Rd8 15.
Ng5 Nf8 16. Qe3 Qc7 17. Bb3 Ng6 18. g3 Re8 19. Bd2 Rad8 20. Rac1 Qb8 21. Nce4
Nxe4 22. Nxe4 Bxe4 23. Qxe4 Bxg3 24. Ba5 Bh2+ 25. Kh1 Bf4 26. Rc6 Rd7 27. d5 e5
28. d6 Rxd6 29. Rc7 Re7 30. Rc5 h6 31. Rg1 Kh7 32. Rg4 Qa7 33. Rc2 f5 34. Qxf5
Qb7+ 35. Rg2 Rd1+ 0-1

[Event "23rd Dubai Open 2023"]
[Site "Dubai UAE"]
[Date "2023.05.27"]
[Round "1.35"]
[White "Vasquez Schroeder, Rodrigo"]
[Black "Lim, Zhuo Ren"]
[Result "1/2-1/2"]
[WhiteTitle "GM"]
[BlackTitle "FM"]
[WhiteElo "2524"]
[BlackElo "2294"]
[WhiteFideId "3400042"]
[BlackFideId "5702488"]
[EventDate "2023.05.27"]

1. e4 c5 2. Nf3 d6 3. d4 cxd4 4. Nxd4 Nf6 5. Nc3 a6 6. Bg5 e6 7. f4 Nbd7 8. Qf3
Qc7 9. O-O-O b5 10. Bd3 Bb7 11. Rhe1 Qb6 12. Nd5 Qxd4 13. Bxf6 gxf6 14. Bxb5 Qc5
15. Nxf6+ Kd8 16. Nxd7 Qxb5 17. Nxf8 Rxf8 18. Qa3 Ke8 19. Qxd6 Qc6 20. Qd2 Qc7
21. g3 Rd8 22. Qb4 Rxd1+ 23. Rxd1 f6 24. Rd6 Kf7 25. Qd4 Ke7 26. e5 f5 27. b3
Rc8 28. c4 a5 29. Kb2 Be4 30. g4 Qb7 1/2-1/2

[Event "23rd Dubai Open 2023"]
[Site "Dubai UAE"]
[Date "2023.05.27"]
[Round "1.36"]
[White "Al Hosani, Omran"]
[Black "Aditya, Mittal"]
[Result "0-1"]
[WhiteTitle "IM"]
[BlackTitle "GM"]
[WhiteElo "2270"]
[BlackElo "2522"]
[WhiteFideId "9308733"]
[BlackFideId "35042025"]
[EventDate "2023.05.27"]

1. d4 Nf6 2. c4 e6 3. Nc3 Bb4 4. a3 Bxc3+ 5. bxc3 b6 6. f3 Nc6 7. e4 Na5 8. e5
Ng8 9. f4 Ba6 10. Nf3 Ne7 11. Bd3 Bxc4 12. Bxc4 Nxc4 13. Qd3 b5 14. O-O d6 15.
Ra2 a6 16. g4 h5 17. h3 hxg4 18. hxg4 dxe5 19. fxe5 Qd5 20. Rg2 c5 21. Ng5 Nxe5
22. Qe4 Qxe4 23. Nxe4 Nc4 24. Nxc5 Nd5 25. Rf3 Ke7 26. Rgf2 f6 27. g5 Rh5 28.
Rg2 Rah8 29. gxf6+ gxf6 30. Rg7+ Kd6 31. Bf4+ Nxf4 32. Rxf4 f5 33. Rd7+ Kc6 34.
Rg7 e5 35. Rf2 0-1

[Event "23rd Dubai Open 2023"]
[Site "Dubai UAE"]
[Date "2023.05.27"]
[Round "1.37"]
[White "Miladinovic, Igor"]
[Black "Averin, Nikolay"]
[Result "1-0"]
[WhiteTitle "GM"]
[BlackTitle "FM"]
[WhiteElo "2507"]
[BlackElo "2259"]
[WhiteFideId "4203380"]
[BlackFideId "24250473"]
[EventDate "2023.05.27"]

1. d4 d5 2. c4 e6 3. Nc3 Nf6 4. cxd5 exd5 5. Bg5 c6 6. e3 Be7 7. Bd3 Nbd7 8. Qc2
Nh5 9. Bxe7 Qxe7 10. O-O-O Nb6 11. Kb1 Nf6 12. h3 Be6 13. Nf3 O-O-O 14. Rc1 Kb8
15. Na4 Nxa4 16. Qxa4 Ne4 17. Qc2 f6 18. Ka1 Bf7 19. Rb1 h5 20. h4 Qe6 21. Rhc1
Qg4 22. b4 Rc8 23. Nd2 Nxd2 24. Qxd2 Qxh4 25. Bf5 Rc7 26. f4 Qg3 27. Rh1 Bg6 28.
Rh3 Qxh3 29. Bxh3 Bxb1 30. Kxb1 g6 31. Kc2 f5 32. Kd3 Re8 33. a4 Rce7 34. g3 a6
35. Bf1 Kc7 36. Ke2 Kd6 37. Kf2 b5 38. Qc1 Rb7 39. Kg2 Kd7 40. Qa3 Reb8 41. Kh3
bxa4 42. Qxa4 Rxb4 43. Qxa6 R4b6 44. Qa5 Rb1 45. Kh4 Rg8 46. Qa6 Rb3 47. Qa7+
Kd6 48. Qf7 Rbb8 49. Qf6+ Kd7 50. Ba6 Rbf8 51. Qg5 Re8 52. Qh6 Re7 53. Bd3 Rf7
54. Qg5 Ke6 55. e4 fxe4 56. Bf1 Re7 57. f5+ Kf7 58. Be2 Ree8 59. fxg6+ Kg7 60.
Qf4 Re7 61. Kg5 Rge8 62. Qf6+ Kg8 63. Kh6 e3 64. Bxh5 c5 65. Qf7+ Rxf7 66. gxf7+ 1-0

[Event "23rd Dubai Open 2023"]
[Site "Dubai UAE"]
[Date "2023.05.27"]
[Round "1.38"]
[White "Gajcin, Marina"]
[Black "Davtyan, Artur"]
[Result "0-1"]
[WhiteTitle "WIM"]
[BlackTitle "IM"]
[WhiteElo "2256"]
[BlackElo "2506"]
[WhiteFideId "949086"]
[BlackFideId "13308327"]
[EventDate "2023.05.27"]

1. e4 c5 2. Nf3 d6 3. Bb5+ Nd7 4. d4 Nf6 5. Nc3 cxd4 6. Qxd4 e5 7. Qd3 h6 8. Bc4
a6 9. a4 Nc5 10. Qe2 Be6 11. Nd2 Qc7 12. O-O Be7 13. b3 O-O 14. Rd1 Rad8 15. Bb2
Bc8 16. Nf1 Ne6 17. Ne3 Nf4 18. Qe1 Be6 19. Bf1 Qc6 20. g3 Nh3+ 21. Bxh3 Bxh3
22. Ncd5 Rfe8 23. c4 Nxd5 24. Nxd5 Bf8 25. Qe3 f5 26. exf5 Bxf5 27. Rd2 Rd7 28.
a5 Rf7 29. Qb6 Be4 30. Qxc6 bxc6 31. Nc3 Bf3 32. b4 d5 33. cxd5 Bxb4 34. dxc6
Bxc6 35. Rc2 Bf3 36. Nd1 Rb7 37. Ne3 Be4 38. Rc4 Bd3 39. Rg4 Bxa5 40. Nd5 Kh7
41. Rxa5 Rxb2 42. Nc7 Rb1+ 43. Kg2 Rc8 44. Rc5 Bf1+ 45. Kf3 Rb3+ 46. Ke4 Rb4+ 0-1

[Event "23rd Dubai Open 2023"]
[Site "Dubai UAE"]
[Date "2023.05.27"]
[Round "1.39"]
[White "Sankalp, Gupta"]
[Black "Winkelman, Albert"]
[Result "1/2-1/2"]
[WhiteTitle "GM"]
[BlackTitle "FM"]
[WhiteElo "2504"]
[BlackElo "2227"]
[WhiteFideId "5097010"]
[BlackFideId "3219941"]
[EventDate "2023.05.27"]

1. e4 e5 2. Nf3 Nc6 3. Bc4 Nf6 4. d3 h6 5. O-O d6 6. a4 g5 7. Re1 Bg7 8. a5 a6
9. c3 O-O 10. h3 Ne7 11. Nbd2 Ng6 12. Nf1 c6 13. Bb3 Re8 14. N3h2 d5 15. Qf3 Be6
16. Bc2 Qd7 17. Ne3 d4 18. Neg4 Nxg4 19. hxg4 b5 20. axb6 Reb8 21. c4 Rxb6 22.
Bd1 Nf4 23. Nf1 Rab8 24. g3 Ng6 25. Qe2 Bf8 26. f3 Bd6 27. Ba4 Qe7 28. Qc2 Nf8
29. Nd2 Nd7 30. Nb3 Nf8 31. Kg2 Kg7 32. Rh1 Nd7 33. Na5 Rc8 34. Qe2 Nc5 35. Bd1
f6 36. Kg1 Bf7 37. Bc2 Ne6 38. Ba4 Nc5 39. Bc2 Ne6 40. Ra2 Bb4 41. Nb3 Nc5 42.
Nd2 Bg6 43. Nf1 Ne6 44. Nd2 Bd6 45. Nb3 Rcb8 46. Na5 Bb4 47. Nb3 Bd6 48. Na5 Bb4
49. Nb3 1/2-1/2

[Event "23rd Dubai Open 2023"]
[Site "Dubai UAE"]
[Date "2023.05.27"]
[Round "1.40"]
[White "Alothman, Ali Layth Ahmed"]
[Black "Gharibyan, Mamikon"]
[Result "0-1"]
[WhiteTitle "FM"]
[BlackTitle "IM"]
[WhiteElo "2224"]
[BlackElo "2500"]
[WhiteFideId "4801920"]
[BlackFideId "13308300"]
[EventDate "2023.05.27"]

1. d4 Nf6 2. Nf3 e6 3. e3 c5 4. Bd3 Nc6 5. O-O d5 6. b3 Bd6 7. Bb2 O-O 8. Nbd2
b6 9. Ne5 Bb7 10. a3 a6 11. Qe2 Ne7 12. Rad1 Qc7 13. f4 cxd4 14. exd4 a5 15. a4
Rac8 16. Rc1 Qb8 17. g4 Rfd8 18. g5 Ne4 19. Nxe4 dxe4 20. Bxe4 Bxe4 21. Qxe4 b5
22. axb5 Qxb5 23. Rf3 a4 24. Ra1 axb3 25. Rxb3 Qd5 26. Qd3 Bxe5 27. fxe5 Nf5 28.
Rb5 Qd7 29. c3 Qe7 30. Bc1 Nxd4 31. cxd4 Rxc1+ 32. Rxc1 Qxg5+ 33. Kf2 Qxc1 34.
Rb1 Qf4+ 35. Kg2 g6 36. Rd1 Ra8 37. Rd2 Qg5+ 38. Kf2 Ra1 39. Kf3 Rg1 40. Qe2 Rg4
41. Qe3 Qf5+ 0-1

[Event "23rd Dubai Open 2023"]
[Site "Dubai UAE"]
[Date "2023.05.27"]
[Round "1.41"]
[White "Fawzy, Adham"]
[Black "Eric, Jovana"]
[Result "1-0"]
[WhiteTitle "GM"]
[BlackTitle "WGM"]
[WhiteElo "2495"]
[BlackElo "2217"]
[WhiteFideId "10613129"]
[BlackFideId "938238"]
[EventDate "2023.05.27"]

1. e4 e6 2. d4 d5 3. Nc3 Nf6 4. Bd3 dxe4 5. Nxe4 Be7 6. Nf3 Nbd7 7. c3 O-O 8.
Qe2 c5 9. Bg5 cxd4 10. Nxd4 Ne5 11. Bc2 Nxe4 12. Bxe7 Qxe7 13. Bxe4 Ng6 14. Bxg6
hxg6 15. f4 Bd7 16. h4 e5 17. O-O-O Rfe8 18. Rde1 Rac8 19. fxe5 Rc5 20. e6 Bxe6
21. Nxe6 Qxe6 22. Qxe6 Rxe6 23. Re3 Ree5 24. Rxe5 1-0

[Event "23rd Dubai Open 2023"]
[Site "Dubai UAE"]
[Date "2023.05.28"]
[Round "2.1"]
[White "Romanov, Evgeny"]
[Black "Yu, Yangyi"]
[Result "1/2-1/2"]
[WhiteTitle "GM"]
[BlackTitle "GM"]
[WhiteElo "2578"]
[BlackElo "2729"]
[WhiteFideId "4148843"]
[BlackFideId "8603820"]
[EventDate "2023.05.27"]

1. e4 c6 2. Nf3 d5 3. exd5 cxd5 4. Ne5 Nc6 5. Bb5 Bd7 6. Nxd7 Qxd7 7. d4 a6 8.
Be2 e6 9. c3 Bd6 10. Nd2 Nf6 11. Bd3 O-O 12. O-O Qc7 13. g3 h6 14. Re1 b5 15.
Nf3 b4 16. c4 dxc4 17. Bxc4 Ne7 18. Qe2 Qb6 19. Be3 Nf5 20. Ne5 Nxe3 21. Qxe3
Rfe8 22. Rac1 a5 23. Bf1 Bxe5 24. dxe5 Qxe3 25. Rxe3 Nd5 26. Ree1 a4 27. Bg2 Ra5
28. Rc4 Rb8 29. h4 a3 30. bxa3 Rxa3 31. Rb1 Rxa2 1/2-1/2

[Event "23rd Dubai Open 2023"]
[Site "Dubai UAE"]
[Date "2023.05.28"]
[Round "2.2"]
[White "Niemann, Hans Moke"]
[Black "Asadli, Vugar"]
[Result "0-1"]
[WhiteTitle "GM"]
[BlackTitle "GM"]
[WhiteElo "2708"]
[BlackElo "2584"]
[WhiteFideId "2093596"]
[BlackFideId "13405764"]
[EventDate "2023.05.27"]

1. d4 Nf6 2. c4 g6 3. Nc3 Bg7 4. e4 d6 5. h3 e5 6. d5 a5 7. Be3 Na6 8. Nf3 Bd7
9. g4 Nc5 10. Qc2 Qe7 11. O-O-O O-O 12. Be2 a4 13. a3 Nb3+ 14. Kb1 c5 15. dxc6
bxc6 16. Qd3 Nd4 17. Nxd4 exd4 18. Bxd4 c5 19. Bxf6 Qxf6 20. Qxd6 Be6 21. Qxc5
Rfb8 22. e5 Qf4 23. Nb5 Bxe5 24. Qe3 Qf6 25. g5 Bf5+ 26. Bd3 Qe6 27. Bxf5 Qxf5+
28. Qd3 Qxg5 29. Qc2 Bf6 30. Rd7 Qf4 31. Rhd1 Ra6 32. Rc1 Rc6 33. Rd5 Bg5 34.
Rxg5 Qxg5 35. Qxa4 Qf5+ 36. Rc2 Qxh3 37. Nd4 Rd6 38. c5 Qf1+ 39. Rc1 Qxf2 40.
Nb5 Rd2 41. Qb3 Re8 42. Nd6 Ree2 43. Nc4 Qf5+ 44. Ka2 Qxc5 45. Rc3 Rd8 46. a4
Re1 47. Nb6 Qg1 48. Qb5 Ra1+ 49. Kb3 Qd1+ 50. Kb4 Rb1 51. Nc4 Qd4 52. b3 Qf4 53.
Qe5 Rb8+ 54. Ka3 Ra1+ 55. Kb2 Qxe5 56. Nxe5 Rxa4 57. Nc6 Rb7 58. Nd8 Rb6 0-1

[Event "23rd Dubai Open 2023"]
[Site "Dubai UAE"]
[Date "2023.05.28"]
[Round "2.4"]
[White "Kacharava, Nikolozi"]
[Black "Tabatabaei, M. Amin"]
[Result "0-1"]
[WhiteTitle "IM"]
[BlackTitle "GM"]
[WhiteElo "2550"]
[BlackElo "2677"]
[WhiteFideId "13611860"]
[BlackFideId "12521213"]
[EventDate "2023.05.27"]

1. e4 c5 2. Nf3 d6 3. d4 cxd4 4. Nxd4 Nf6 5. Nc3 a6 6. Be2 e5 7. Nb3 Be7 8. Be3
Be6 9. Nd5 Nbd7 10. Qd3 O-O 11. O-O Bxd5 12. exd5 Rc8 13. c4 a5 14. Rae1 a4 15.
Nd2 Nc5 16. Qa3 Nfd7 17. b4 axb3 18. axb3 f5 19. f4 Ra8 20. Qb2 exf4 21. Bxf4
Qb6 22. Kh1 Bf6 23. Qc2 g6 24. Rb1 Rfe8 25. b4 Rxe2 26. bxc5 Qxc5 27. Rxb7 Ne5
28. Qd1 Rf2 29. Bxe5 Bxe5 30. Nf3 Bb2 31. Rg1 Qxc4 32. Qb3 Qxb3 33. Rxb3 Be5 34.
Re3 Bf4 35. Re7 Rfa2 36. Rb1 Ra1 37. Ree1 Rxb1 38. Rxb1 Ra5 39. g3 Be3 40. Rb3
f4 41. gxf4 Bxf4 42. Rb4 g5 43. h4 h6 44. hxg5 hxg5 45. Kg2 Kf7 46. Kh3 Kf6 47.
Kg4 Ra2 48. Ne1 Re2 49. Nd3 Rg2+ 50. Kf3 Rg3+ 51. Ke4 Re3+ 52. Kd4 Kf5 53. Rb8
Re4+ 54. Kc3 Be5+ 55. Kd2 Rd4 56. Ke3 Rxd5 57. Rf8+ Bf6 58. Nf2 Ra5 59. Kf3 Ra3+
60. Kg2 d5 61. Rf7 Ke6 62. Rf8 Ke7 63. Rg8 Kf7 64. Rc8 Be5 65. Rd8 Ke6 66. Re8+
Kd6 67. Kf1 Bd4 68. Ng4 Rg3 69. Nh6 Rf3+ 70. Kg2 Rf4 71. Rg8 Bf6 72. Kg3 d4 73.
Ng4 Kd5 74. Rg6 Be7 75. Rg7 Bd6 76. Rxg5+ Rf5+ 77. Kh4 Be7 0-1

[Event "23rd Dubai Open 2023"]
[Site "Dubai UAE"]
[Date "2023.05.28"]
[Round "2.5"]
[White "Matlakov, Maxim"]
[Black "Iskandarov, Misratdin"]
[Result "1-0"]
[WhiteTitle "GM"]
[BlackTitle "GM"]
[WhiteElo "2662"]
[BlackElo "2577"]
[WhiteFideId "4168003"]
[BlackFideId "13400312"]
[EventDate "2023.05.27"]

1. Nf3 Nf6 2. c4 g6 3. Nc3 Bg7 4. e4 O-O 5. d4 d6 6. Be2 e5 7. O-O Nc6 8. d5 Ne7
9. b4 a5 10. bxa5 Rxa5 11. a4 Ne8 12. Be3 f5 13. c5 f4 14. Bd2 Rxc5 15. a5 Nf6
16. Bd3 Kh8 17. Re1 c6 18. dxc6 Nxc6 19. Na4 Rxa5 20. Bxa5 Qxa5 21. Qb3 Qc7 22.
h3 Nd7 23. Rec1 Qd8 24. Bb5 Nd4 25. Nxd4 exd4 26. Bxd7 Bxd7 27. Nb6 Bc6 28. Ra8
Qxa8 29. Nxa8 Rxa8 30. f3 Be5 31. Qf7 Rd8 32. Kh2 Rc8 33. h4 Rd8 34. Ra1 Rc8 35.
Ra5 Re8 36. Kg1 d3 37. Ra3 d2 38. Rd3 Bc3 39. Rxd6 Ra8 40. Kh2 1-0

[Event "23rd Dubai Open 2023"]
[Site "Dubai UAE"]
[Date "2023.05.28"]
[Round "2.6"]
[White "Lalit Babu M R"]
[Black "Sindarov, Javokhir"]
[Result "0-1"]
[WhiteTitle "GM"]
[BlackTitle "GM"]
[WhiteElo "2529"]
[BlackElo "2661"]
[WhiteFideId "5024595"]
[BlackFideId "14205483"]
[EventDate "2023.05.27"]

1. d4 Nf6 2. c4 e6 3. Nf3 d5 4. Nc3 c6 5. Bg5 h6 6. Bxf6 Qxf6 7. e3 g6 8. Ne5
Nd7 9. f4 Nxe5 10. fxe5 Qh4+ 11. g3 Qe7 12. Qf3 Bg7 13. Bd3 Bd7 14. O-O-O O-O-O
15. Kb1 Rhf8 16. Qe2 Kb8 17. Qc2 g5 18. Rhe1 f6 19. exf6 Bxf6 20. Qb3 Bc8 21.
Rc1 Qd6 22. Na4 h5 23. Nc5 Ka8 24. Na4 dxc4 25. Rxc4 b5 26. Rc5 bxa4 27. Qxa4
Bb7 28. Rec1 Rc8 29. Be4 Bd8 30. Bxc6 Bxc6 31. Rxc6 Rxc6 32. Rxc6 Qd5 33. Qa6
Qe4+ 34. Kc1 Qxe3+ 35. Kd1 Qxd4+ 36. Kc1 Qg1+ 0-1

[Event "23rd Dubai Open 2023"]
[Site "Dubai UAE"]
[Date "2023.05.28"]
[Round "2.7"]
[White "Karthik, Venkataraman"]
[Black "Aravindh, Chithambaram VR."]
[Result "0-1"]
[WhiteTitle "GM"]
[BlackTitle "GM"]
[WhiteElo "2528"]
[BlackElo "2633"]
[WhiteFideId "25006479"]
[BlackFideId "5072786"]
[EventDate "2023.05.27"]

1. d4 Nf6 2. c4 e6 3. Nf3 Bb4+ 4. Bd2 Qe7 5. g3 Nc6 6. Nc3 d5 7. a3 Bxc3 8. Bxc3
Ne4 9. Rc1 O-O 10. Qc2 Nd6 11. c5 Nb5 12. Bg2 b6 13. Qa4 a6 14. cxb6 cxb6 15.
Ne5 Qe8 16. Nxc6 Qxc6 17. O-O Qd7 18. Bd2 Nc3 19. Qxd7 Nxe2+ 20. Kh1 Bxd7 21.
Rc7 Bb5 22. Be3 Rfc8 23. Rb7 Rc6 24. f4 g6 25. g4 Rac8 26. f5 Nc1 27. Rf3 R8c7
28. Rb8+ Rc8 29. Rb7 exf5 30. gxf5 R8c7 31. Rb8+ Kg7 32. f6+ Rxf6 33. Bh6+ Kxh6
34. Rxf6 Nd3 35. h4 Nxb2 36. Bxd5 Rd7 37. Bf3 Kg7 38. Rfxb6 Rxd4 39. h5 Nc4 40.
R6b7 Ne5 41. hxg6 hxg6 42. Bg2 Rd1+ 43. Kh2 Rd3 44. Be4 Re3 45. Bd5 Rd3 46. Be4
Rxa3 47. Ra7 Bc6 48. Re7 Ng4+ 49. Kg2 Kf6 50. Rxf7+ Kxf7 51. Bxc6 Ne5 52. Bd5+
Kf6 53. Be4 Kg5 54. Rb6 a5 55. Kf1 Ra4 56. Bc2 Rb4 57. Re6 Rb5 58. Ke2 Kh5 59.
Ba4 Rc5 60. Ke3 Ng4+ 61. Kd4 Rf5 62. Bc2 Rf4+ 63. Kc5 g5 64. Kb5 Nf2 65. Kxa5 g4
66. Ba4 g3 67. Bc6 Nh3 68. Re2 Ng5 69. Bg2 Kg4 70. Kb5 Nf3 71. Re8 Ng5 72. Re2
Nh3 73. Kc5 Rf5+ 74. Kd4 Nf4 75. Re4 Ra5 76. Bf1 Kf3 77. Re1 Kf2 78. Rb1 Ne2+
79. Kd3 Rd5+ 80. Kc4 Rh5 81. Kd3 Rh1 82. Rb2 Rxf1 83. Rxe2+ Kg1 84. Re8 g2 85.
Ke2 Rf7 86. Rh8 Re7+ 87. Kd2 Re5 0-1